Дело по просьбе состоящего под надзором полиции в Архангельской губернии отставного коллежского регистратора Ивана Чарноморского...

Доступно только в Электронных читальных залах Найти на картеНа карте
RUSMARC
00004521nmc2a22000003x 450
00115bd4a84-3ee1-44f6-b9b2-68eb88569dc6
00520200306010637.0
100##$a20180907l18661874k l0rusy0189 ca
1010#$arus
102##$aRU
2001#$aДело по просьбе состоящего под надзором полиции в Архангельской губернии отставного коллежского регистратора Ивана Чарноморского о переводе его с женою по болезни в городе Олонецк
$j31 марта 1866 г. - 28 октября 1874 г.
251##$cДело
300##$aДело
300##$aОриг. заголовок дела: Дело по просьбе состоящего под надзором полиции в Архангельской губернии отставного коллежского регистратора Ивана Чарномского о переводе его с женой по болезни в город Олонец. Здесь же переписка о братьях Евгении и Кирилле Чарномских. 31 марта 1866 г. - 28 октября 1874 г
801#0$aRU
$bРГИА
$c20180907
$gRCR
801#1$aRU
$bГлавНИВЦ
$c20180907
$2rusmarc
801#2$aRU
$bПБ им. Б.Н. Ельцина
$c20200306
$gRCR
$2rusmarc
850##$aРГИА
852##$aРГИА
$eФедеральное казенное учреждение "Российский государственный исторический архив" (РГИА)
$j980
937##$hРГИА
$d12292936
$aASBIBLIO_SCAN
462#0$1001d8f9f7d4-b5a2-42ce-9901-502471366df6
$12001
$aДела Департамента полиции исполнительной МВД за 1866 год
$1251
$cОпись
$1852
$j27
$l1866 г.
461#0$10013e300ed0-cd39-49af-8489-5ba5b90fa401
$12001
$aДепартамент полиции исполнительной МВД
$1251
$cФонд
$1852
$j1286
215##$a80 л.
$d36,5х26 см
371##$aДокумент не является опубликованным и широко распространяемым
5171#$aДело по просьбе состоящего под надзором полиции в Архангельской губернии отставного коллежского регистратора Ивана Чарномского о переводе его с женой по болезни в город Олонец. Здесь же переписка о братьях Евгении и Кирилле Чарномских. 31 марта 1866 г. - 28 октября 1874 г
105##$ay###
1222#$ad
035##$a15bd4a84-3ee1-44f6-b9b2-68eb88569dc6
856##$uhttp://readingroom.main.prlib.ru/item.aspx?id_node=n143186776&mode=full
Формат отображения